000
00376nam a2200145Ia 4500
008
231129s1995||||xx |||||||||||||| ||spa||
020
_a
958-607-761-6
040
_b
spa
082
_a
658.4092 ó48t
100
_a
Oliveira Paulo de
245
0
_a
Técnicas de liderazgo hoy
260
_c
1995
264
_a
San Pablo
942
_2
ddc
_c
BKS
999
_c
25083
_d
25083